| 000 | 00528nam a2200121Ia 4500 | ||
|---|---|---|---|
| 008 | 220216s9999 xx 000 0 und d | ||
| 100 | _aGeorge K.T. | ||
| 245 | 0 | _aResource base and industrialisation: The case of rubber based industrial sector in Kerala | |
| 260 |
_bIn: Resource based industries in Kerala. (Ed. D. Rajasena). Directorate of Publications and Public Relations, Cochin University of Science and Technology, Cochin, India, pp. 105-120 _c1999 |
||
| 650 | _aKerala | ||
| 650 | _aRubber product industry | ||
| 942 | _cBS | ||
| 999 |
_c52428 _d52428 |
||